000
00255nam a22001217a 4500
008
170227b xxu||||| |||| 00| 0 eng d
041
_a
eng
080
_2
8TH
_a
577
100
_a
5
101
_a
SHMD
245
_a
BIOCHEMISTRY
_c
ORTEN, J.M
942
_2
udc
_c
BK
999
_c
6320
_d
6320